Valoración de la calidad de los sistemas de tratamiento de desechos líquidos en Costa Rica
Đã lưu trong:
| Tác giả chính: | |
|---|---|
| Định dạng: | Sách |
| Được phát hành: |
[San José], Costa Rica
2008
|
| Những chủ đề: | |
| Các nhãn: |
Thêm thẻ
Không có thẻ, Là người đầu tiên thẻ bản ghi này!
|
MARC
| LEADER | 00000nam a2200000Ia 4500 | ||
|---|---|---|---|
| 003 | 010530 | ||
| 005 | 20221231144037.0 | ||
| 008 | 140114s2008 cr a 000 ||s d | ||
| 040 | |c cru CEDI | ||
| 090 | |a TFG 6153 | ||
| 100 | |a Mora Gómez, Bernardo Hernán |9 3097 | ||
| 245 | |a Valoración de la calidad de los sistemas de tratamiento de desechos líquidos en Costa Rica | ||
| 260 | |c 2008 |b [San José], Costa Rica | ||
| 500 | |a Tesis (magister en ingeniería química con énfasis en ingeniería ambiental)--Universidad de Costa Rica. Sistema de Estudios de Posgrado. Programa de Posgrado en Ingeniería Química | ||
| 650 | |x PURIFICACION DE AGUAS RESIDUALES |x AGUAS RESIDUALES |x ASPECTOS LEGALES |x EVALUACION DEL IMPACTO AMBIENTAL |9 3098 | ||
| 942 | |c TFG | ||
| 999 | |c 16062 |d 16062 | ||
